Complete the country - Statistics

General Stats
  • This quiz has been taken 82 times
    17 since last reset
  • The average score is 33 of 37
Answer Stats
First part Second part % Correct
Saudi Arabia
100%
Ivory Coast
100%
Burkina Faso
100%
Marshall Islands
100%
Sri Lanka
100%
Sierra Leone
100%
Saint Lucia
100%
Papua New Guinea
100%
Dominican Republic
100%
Costa Rica
100%
South Africa
90%
Central African Republic
90%
Trinidad and Tobago
90%
United Arab Emirates
90%
Equatorial Guinea
90%
Solomon Islands
90%
United Kingdom
90%
North Korea
90%
South Korea
90%
Czech Republic
90%
El Salvador
90%
United States
90%
South Sudan
90%
East Timor
90%
Cape Verde
90%
Bosnia and Herzegovina
80%
São Tomé and Príncipe
80%
Guinea Bissau
80%
Vatican City
80%
Congo Democratic Republic of the
80%
Micronesia Federated States of
80%
North Macedonia
80%
New Zealand
80%
Antigua and Barbuda
70%
Saint Vincent and the Grenadines
70%
Congo Republic of the
70%
Saint Kitts and Nevis
60%
No matching quizzes found
Score Distribution
Percent of People with Each Score
Percentile by Number Answered
Your Score History
You have not taken this quiz since the last reset